<?xml version="1.0" encoding="UTF-8"?>
<marc:record xmlns:marc="http://www.loc.gov/MARC21/slim">
   <marc:leader>00000nam a2200000 a 4500</marc:leader>
   <marc:datafield ind1="1" ind2=" " tag="100">
      <marc:subfield code="a">Hahsler, Marianne</marc:subfield>
      <marc:subfield code="4">aut</marc:subfield>
      <marc:subfield code="e">Verfasser/-in</marc:subfield>
   </marc:datafield>
   <marc:datafield ind1=" " ind2=" " tag="653">
      <marc:subfield code="a">Tiergestützte Pädagogik / Katze</marc:subfield>
   </marc:datafield>
   <marc:datafield ind1=" " ind2=" " tag="653">
      <marc:subfield code="a">Katze / Tiergestützte Pädagogik</marc:subfield>
   </marc:datafield>
   <marc:datafield ind1=" " ind2=" " tag="653">
      <marc:subfield code="a">Tiergestützte Therapie</marc:subfield>
   </marc:datafield>
   <marc:datafield ind1=" " ind2=" " tag="653">
      <marc:subfield code="a">Tiergestützte Pädagogik</marc:subfield>
   </marc:datafield>
   <marc:datafield ind1=" " ind2=" " tag="653">
      <marc:subfield code="a">Katze / Tiergestützte Therapie</marc:subfield>
   </marc:datafield>
   <marc:datafield ind1=" " ind2=" " tag="653">
      <marc:subfield code="a">Tiergestützte Therapie / Katze</marc:subfield>
   </marc:datafield>
   <marc:datafield ind1=" " ind2=" " tag="653">
      <marc:subfield code="a">Tier als Therapie</marc:subfield>
   </marc:datafield>
   <marc:datafield ind1=" " ind2=" " tag="653">
      <marc:subfield code="a">Katze</marc:subfield>
   </marc:datafield>
   <marc:datafield ind1=" " ind2=" " tag="653">
      <marc:subfield code="a">Tiere als Therapie</marc:subfield>
   </marc:datafield>
   <marc:datafield ind1="0" ind2="0" tag="245">
      <marc:subfield code="a">Katzen</marc:subfield>
   </marc:datafield>
   <marc:datafield ind1="0" ind2="0" tag="245">
      <marc:subfield code="b">Seelenfreunde und therapeutische Helfer</marc:subfield>
   </marc:datafield>
   <marc:datafield ind1="0" ind2="0" tag="245">
      <marc:subfield code="c">Marianne HahKatze sler</marc:subfield>
   </marc:datafield>
   <marc:datafield ind1=" " ind2="1" tag="264">
      <marc:subfield code="a">Wien</marc:subfield>
      <marc:subfield code="b">Verlagshaus der Ärzte</marc:subfield>
      <marc:subfield code="c">2011</marc:subfield>
   </marc:datafield>
   <marc:datafield ind1=" " ind2=" " tag="250">
      <marc:subfield code="a">1. Aufl.</marc:subfield>
   </marc:datafield>
   <marc:datafield ind1="1" ind2=" " tag="520">
      <marc:subfield code="a">Dieses Buch handelt nicht nur von Katzen, sondern vor allem von der Mensch-Katze-Beziehung.#Es ist im Wissen um die Bedeutung der pädagogischen und therapeutischen Erfolge geschrieben, die empathische Menschen mit ihren vierbeinigen Helfern erzielen können. Es möge als Hilfestellung verstanden werden, um Katzen besser zu verstehen. Einsätze zu planen und die Gefahr einer Instrumentalisierung zu mindern. Denn was grundsätzlich für alle Therapietiere gilt, gilt für Katzen im Besonderen: Nur was auf freiwilliger Basis geleistet wird, ist von Wert und wirkt nachhaltig.#Viele Beispiele zeigen, dass Katzen nicht nur in Kindergärten, Voksschulen und auch höheren Schulen als "Pädagogen" wirken können, sondern auch wichtige therapeutische Aufgaben bei der Betreuung von Menschen mit besonderen Ansprüchen sowie der Arbeit mit Senioren bis hin zur Sterbebegleitung übernehmen können.</marc:subfield>
   </marc:datafield>
   <marc:datafield ind1=" " ind2=" " tag="020">
      <marc:subfield code="a">978399052001</marc:subfield>
      <marc:subfield code="9">978399052001</marc:subfield>
   </marc:datafield>
   <marc:datafield ind1=" " ind2=" " tag="500">
      <marc:subfield code="a">Literaturverz. S. 141 - 143</marc:subfield>
   </marc:datafield>
   <marc:datafield ind1=" " ind2=" " tag="300">
      <marc:subfield code="a">144 S.</marc:subfield>
   </marc:datafield>
</marc:record>
